घरासाठी कर्ज (Record no. 332982)

MARC details
000 -LEADER
fixed length control field 00567nam a2200169Ia 4500
008 - FIXED-LENGTH DATA ELEMENTS--GENERAL INFORMATION
fixed length control field 090711s9999 xx 000 0 und d
082 ## - DEWEY DECIMAL CLASSIFICATION NUMBER
Item number 587
100 ## - MAIN ENTRY--PERSONAL NAME
Personal name कुळकर्णी विनायक
245 ## - TITLE STATEMENT
Title घरासाठी कर्ज
260 ## - PUBLICATION, DISTRIBUTION, ETC. (IMPRINT)
Name of publisher, distributor, etc जयहिंद प्रकाशन
Date of publication, distribution, etc 1998
300 ## - PHYSICAL DESCRIPTION
Extent 112
600 ## - SUBJECT ADDED ENTRY--PERSONAL NAME
Personal name कुळकर्णी विनायक
630 ## - SUBJECT ADDED ENTRY--UNIFORM TITLE
Uniform title घरासाठी कर्ज
700 ## - ADDED ENTRY--PERSONAL NAME
Personal name कुळकर्णी विनायक
730 ## - ADDED ENTRY--UNIFORM TITLE
Uniform title घरासाठी कर्ज
942 ## - ADDED ENTRY ELEMENTS (KOHA)
Koha item type Book

No items available.